|
|
|
|
| LEADER |
00658nam a22002172a 4500 |
| 001 |
001317720 |
| 003 |
CZ BrMZK |
| 005 |
20130813111812.0 |
| 007 |
ta |
| 008 |
130813s1967 gw er|||||||||||ger d |
| 040 |
|
|
|a BOA001
|b cze
|
| 100 |
1 |
|
|a Thurn, Herbert
|4 dis
|
| 245 |
1 |
4 |
|a Die Kristallstruktur des Hittorfschen Phosphors /
|c Herbert Thurn
|
| 260 |
|
|
|a Stuttgart :
|b H. Thurn,
|c 1967
|
| 300 |
|
|
|a 128 s.
|
| 502 |
|
|
|a Disertace--Universität Stuttgart, 1967
|
| 710 |
2 |
|
|a Universität Stuttgart
|7 mzk2004216334
|
| 910 |
|
|
|a BOA001
|b 2-0608.391
|
| 990 |
|
|
|a BK
|
| 991 |
|
|
|b 201308
|
| 996 |
7 |
|
|b 2619005699
|c 2-0608.391
|l HP2
|r DEN
|n 0
|w 001352812
|u 000010
|a 1
|e BOA001
|j MZK50
|s A
|